Economics (Record no. 40960)

MARC details
000 -LEADER
fixed length control field 00594nam a2200217 a 4500
003 - CONTROL NUMBER IDENTIFIER
control field CBULib
005 - DATE AND TIME OF LATEST TRANSACTION
control field 20240514103249.0
008 - FIXED-LENGTH DATA ELEMENTS--GENERAL INFORMATION
fixed length control field 150901s2008 ||||||||||||||||| || u
020 ## - INTERNATIONAL STANDARD BOOK NUMBER
International Standard Book Number 9781408021262
022 ## - INTERNATIONAL STANDARD SERIAL NUMBER
International Standard Serial Number 9781408021262
040 ## - CATALOGING SOURCE
Transcribing agency CBULib
050 ## - LIBRARY OF CONGRESS CALL NUMBER
Classification number HB 171.5 Man
100 ## - MAIN ENTRY--PERSONAL NAME
Personal name Mankiw, Gregory N
245 10 - TITLE STATEMENT
Title Economics
Statement of responsibility, etc. by Gregory N. Mankiw and Mark P. Taylor
260 ## - PUBLICATION, DISTRIBUTION, ETC.
Place of publication, distribution, etc. China
Name of publisher, distributor, etc. Cengage Learning
Date of publication, distribution, etc. 2008
300 ## - PHYSICAL DESCRIPTION
Extent xxiv, 916p. :ill
350 ## - PRICE (NR) (BK AM CF MU VM SE) [OBSOLETE]
Price 4.69
650 #0 - SUBJECT ADDED ENTRY--TOPICAL TERM
Topical term or geographic name entry element ECONOMICS
942 ## - ADDED ENTRY ELEMENTS (KOHA)
Source of classification or shelving scheme
Koha item type MONOGRAPH
Suppress in OPAC No
Holdings
Withdrawn status Lost status Source of classification or shelving scheme Damaged status Not for loan Home library Current library Shelving location Date acquired Total Checkouts Total Renewals Full call number Barcode Date last seen Date last checked out Price effective from Koha item type Collection code Source of acquisition Copy number
          CBU-MAIN LIBRARY, KITWE. CBU-MAIN LIBRARY, KITWE.   11/30/2022 8 1 HB 171.5 Man 744202 05/12/2025 05/09/2025 11/30/2022 MONOGRAPH      
          CBU-MAIN LIBRARY, KITWE. CBU-MAIN LIBRARY, KITWE. General Stacks 05/14/2024 4   HB 171.5 Man 744198 12/16/2025 12/03/2025 05/14/2024 MONOGRAPH Main Library Open Access Collection DON- BOOKAID 2